Horoskooppimerkit symboleina - Statistics

Yleistilastot
  • Tätä visaa on pelattu 48 kertaa
  • Keskiarvotulos 9 / 12
Vastaustilastot
Kuvavisa Vastaus % Oikein
Vesimies
83%
Härkä
78%
Jousimies
78%
Oinas
78%
Kaksonen
75%
Rapu
72%
Vaaka
72%
Kalat
69%
Leijona
67%
Skorpioni
67%
Neitsyt
64%
Kauris
53%
Ehtoja vastaavia visoja ei löytynyt
Tulosjakauma
Jokaisen tuloksen saaneiden osuus
Persentiili vastausten määrän mukaan
Tuloshistoriasi
Et ole pelannut tätä visaa